[Event "Quebec-ch U16"]
[Site "Montreal"]
[Date "1989.03.05"]
[Round "6"]
[White "Salko, Nicolas"]
[Black "Nataf, Philippe"]
[Result "1/2-1/2"]
[WhiteElo "1463"]
[BlackElo "1551"]
[PlyCount "89"]
[EventDate "1989.03.02"]
[EventType "tourn"]
[EventRounds "7"]
[EventCountry "CAN"]
[SourceTitle "EXT 2022"]
[Source "ChessBase"]
[SourceDate "2021.10.06"]
[SourceVersion "1"]
[SourceVersionDate "2021.10.06"]
[SourceQuality "1"]

1. d4 Nf6 2. c4 c5 3. e3 e6 4. Nc3 d5 5. Nf3 Nc6 6. cxd5 exd5 7. dxc5 Bxc5 8. Be2 0-0 9. 0-0 Bf5 10. a3 a5 11. Nb5 Re8 12. b3 Qb6 13. Bb2 Rad8 14. Nbd4 Bg4 15. Re1 Re4 16. h3 Bxf3 17. Bxf3 Nxd4 18. Bxe4 Nxb3 19. Bc2 Nxa1 20. Qxa1 Be7 21. Bd4 Qc7 22. Qb1 h6 23. Bb6 Qc3 24. Bxd8 Bxd8 25. a4 Bc7 26. Rf1 Qe5 27. g3 Nh5 28. Qe1 Kf8 29. f4 Qb2 30. Qf2 Qc3 31. Bd1 Bb6 32. Re1 d4 33. Kh2 dxe3 34. Qe2 g6 35. Rf1 Kg8 36. Qf3 Bc7 37. Kg2 Kg7 38. Qe2 Qd4 39. Qf3 b6 40. Kh2 Qc4 41. Qe2 Qc3 42. Qf3 Bd6 43. Qe2 Qa3 44. Kg2 Qc5 45. Kh2 1/2-1/2

[Event "Quebec-ch U16"]
[Site "Montreal"]
[Date "1989.03.04"]
[Round "4"]
[White "Nataf, Philippe"]
[Black "Paquette, Denis"]
[Result "0-1"]
[WhiteElo "1551"]
[BlackElo "1521"]
[PlyCount "94"]
[EventDate "1989.03.02"]
[EventType "tourn"]
[EventRounds "7"]
[EventCountry "CAN"]
[SourceTitle "EXT 2022"]
[Source "ChessBase"]
[SourceDate "2021.10.06"]
[SourceVersion "1"]
[SourceVersionDate "2021.10.06"]
[SourceQuality "1"]

1. e4 c6 2. f4 d5 3. e5 Bf5 4. d3 e6 5. Nf3 Bg4 6. Nbd2 c5 7. Be2 Ne7 8. 0-0 Qb6 9. Kh1 Nf5 10. Nb3 a5 11. a4 Nc6 12. Bd2 Rd8 13. Qc1 h5 14. Qe1 h4 15. Bxa5 Nxa5 16. Qxa5 Qxa5 17. Nxa5 b6 18. Nb3 Be7 19. c4 h3 20. g3 dxc4 21. dxc4 Ne3 22. Rfc1 Bxf3+ 23. Bxf3 Rd3 24. Rc3 Rxc3 25. bxc3 Nxc4 26. Bc6+ Kf8 27. Bb5 Na5 28. Nd2 g5 29. Rf1 gxf4 30. Rxf4 Bg5 31. Rf2 Rh5 32. Ne4 Be7 33. Nd6 Rxe5 34. Nxf7 Re1+ 35. Bf1 Kg7 36. Rf3 Nc4 37. Kg1 Nd2 38. Rf4 Rxf1+ 39. Rxf1 Nxf1 40. Ne5 Nd2 41. Nd7 Bd8 42. a5 bxa5 43. Nxc5 Bb6 44. Kf2 Bxc5+ 45. Ke2 Nb3 46. Kd3 a4 47. Kc2 Bg1 0-1

[Event "Quebec-ch U16"]
[Site "Montreal"]
[Date "1989.03.03"]
[Round "2"]
[White "Nataf, Philippe"]
[Black "Charest, Johanne"]
[Result "1-0"]
[WhiteElo "1551"]
[BlackElo "1535"]
[PlyCount "77"]
[EventDate "1989.03.02"]
[EventType "tourn"]
[EventRounds "7"]
[EventCountry "CAN"]
[SourceTitle "EXT 2022"]
[Source "ChessBase"]
[SourceDate "2021.10.06"]
[SourceVersion "1"]
[SourceVersionDate "2021.10.06"]
[SourceQuality "1"]

1. e4 e5 2. Nf3 Nc6 3. Bc4 Bc5 4. c3 Nf6 5. d4 exd4 6. e5 Qe7 7. 0-0 Ng4 8. Bg5 Qf8 9. cxd4 Bb6 10. h3 Nh6 11. Re1 Nf5 12. d5 Ncd4 13. Nxd4 Nxd4 14. Nc3 h6 15. Be3 Nf5 16. Bxb6 axb6 17. g4 Nh4 18. Nb5 Qc5 19. Rc1 0-0 20. d6 Qb4 21. Re4 Qa5 22. Nxc7 Rb8 23. Bd5 b5 24. Rc5 b6 25. Rxb5 Qd2 26. Qxd2 Nf3+ 27. Kg2 Nxd2 28. Rd4 Nb3 29. Rxb3 Kh8 30. Rdb4 Bb7 31. Bxb7 Rxb7 32. Rxb6 Rxb6 33. Rxb6 f6 34. Na6 Kh7 35. e6 dxe6 36. d7 Rd8 37. Nc5 e5 38. Re6 Kg6 39. Re8 1-0

[Event "Quebec-ch U16"]
[Site "Montreal"]
[Date "1988.03.06"]
[Round "7"]
[White "Carrier, Michel"]
[Black "Nataf, Philippe"]
[Result "0-1"]
[WhiteElo "1405"]
[BlackElo "1571"]
[PlyCount "48"]
[EventDate "1988.03.03"]
[EventType "tourn"]
[EventRounds "7"]
[EventCountry "CAN"]
[SourceTitle "EXT 2022"]
[Source "ChessBase"]
[SourceDate "2021.10.06"]
[SourceVersion "1"]
[SourceVersionDate "2021.10.06"]
[SourceQuality "1"]

1. b3 d5 2. Bb2 Nc6 3. Nf3 Bf5 4. c4 e6 5. g3 Nf6 6. Bg2 d4 7. d3 e5 8. 0-0 Qd7 9. Re1 h6 10. Nbd2 g5 11. Nxe5 Nxe5 12. Bxb7 Rb8 13. Bg2 h5 14. Rb1 h4 15. Ba1 hxg3 16. fxg3 Bh3 17. Bh1 Neg4 18. Nf3 Bb4 19. Nxd4 Qe7 20. Nf5 Qc5+ 21. Nd4 Ne3 22. Qc1 Nfg4 23. Ne6 fxe6 24. Bxh8 Bxe1 0-1

[Event "Quebec-ch U16"]
[Site "Montreal"]
[Date "1988.03.06"]
[Round "6"]
[White "Nataf, Philippe"]
[Black "Levesque, Sylvain"]
[Result "1-0"]
[WhiteElo "1571"]
[BlackElo "1511"]
[PlyCount "45"]
[EventDate "1988.03.03"]
[EventType "tourn"]
[EventRounds "7"]
[EventCountry "CAN"]
[SourceTitle "EXT 2022"]
[Source "ChessBase"]
[SourceDate "2021.10.06"]
[SourceVersion "1"]
[SourceVersionDate "2021.10.06"]
[SourceQuality "1"]

1. e4 c5 2. Nf3 Nc6 3. c3 d6 4. d4 b6 5. d5 Nb8 6. Be3 Bb7 7. Bb5+ Nd7 8. Qa4 Ngf6 9. Bc6 Bxc6 10. dxc6 Ne5 11. c7+ Qd7 12. Qxd7+ Nexd7 13. Na3 Rc8 14. 0-0-0 Nxe4 15. Rhe1 Nef6 16. Bg5 e6 17. Nb5 a6 18. Nxd6+ Bxd6 19. Rxd6 Rxc7 20. Red1 Ne4 21. Rxb6 Nxf2 22. Rb8+ Nxb8 23. Rd8# 1-0

[Event "Quebec-ch U16"]
[Site "Montreal"]
[Date "1988.03.03"]
[Round "1"]
[White "Malo, Pascal"]
[Black "Nataf, Philippe"]
[Result "0-1"]
[WhiteElo "1606"]
[BlackElo "1571"]
[PlyCount "82"]
[EventDate "1988.03.03"]
[EventType "tourn"]
[EventRounds "7"]
[EventCountry "CAN"]
[SourceTitle "EXT 2022"]
[Source "ChessBase"]
[SourceDate "2021.10.06"]
[SourceVersion "1"]
[SourceVersionDate "2021.10.06"]
[SourceQuality "1"]

1. e4 d5 2. exd5 Nf6 3. Bb5+ Nbd7 4. Nc3 a6 5. Ba4 b5 6. Bb3 Nc5 7. Qf3 Bb7 8. d4 Nxb3 9. axb3 b4 10. Na4 Bxd5 11. Qg3 e6 12. Nf3 Bd6 13. Bf4 Nh5 14. Bg5 Nxg3 15. Bxd8 Nxh1 16. Bg5 h6 17. Be3 f5 18. Nc5 f4 19. Bd2 a5 20. c4 bxc3 21. bxc3 0-0 22. c4 Bxf3 23. gxf3 Bxc5 24. dxc5 Rf5 25. Kf1 Rxc5 26. b4 Rxc4 27. bxa5 e5 28. Re1 Rc2 29. Re2 Rd8 30. Ke1 Ra2 31. Bc3 Rxe2+ 32. Kxe2 g5 33. Kf1 e4 34. fxe4 f3 35. Ke1 Kf7 36. Bb4 Ke6 37. Bc5 Ke5 38. a6 Kxe4 39. a7 Kd3 40. Be3 Kc2 41. a8Q Rd1# 0-1